000 01615 a2200205 4500
001 23315
005 20260407155521.0
008 260407a1975 arg spa d
003 AR-UNSa-BCEJYS
040 _aAR-UNSa-BCEJYS
_bspa
_cAR-UNSa-BCEJYS
080 _a657.23
_xCompensaciones. Correcciones. Ajustes (devaluación monetaria)
245 1 0 _aContabilidad e Inflación
250 _a3a. ed
264 1 _aBuenos Aires :
_bEdiciones Economía y Empresa
_c1975
300 _a206 p.
_c23 cm.
505 _a1. La contabilidad y las fluctuaciones en el poadquisitivo de la moneda - 2. Definición del problema contables de los cambios en el poder adquisitivo de la moneda - 3. El índice aplicable - 4. Alcance de los ajustes - 5. Análisis general del comportamiento de los rubros frente a los cambios en el poder adquisitivo de la moneda - 6. Carácter de los ajustes - 7. Método para realizar los ajustes - 8. Determinación de las perdidas y ganancias de poder adquisitivo - 9. Imputación de las pérdidas y ganancias de poder adquisitivo - 10. Ajuste directo a valores de mercado como excepción a la norma general - 11. Disponibilidades y créditos - 12. Bienes de cambio y costo de las mercaderías o productos vendidos - 13. Inversiones - 14. Bienes de uso, bienes inmateriales y amortizaciones - 15. Cargos y utilidades diferidas - 16. Deudas, provisiones y previsiones - 17. Capital, reservas y resultados acumulados - 18. Resultados del ejercicio - 19. Presentación y dictamen de los estados ajustados
942 _cBK
590 _aniveau_biblio:m niveau_hierar:0
100 1 _aLazzati, Santiago Carlos
999 _c1104
_d1104